Systémové pojetí vybraných oborů pro techiky : Hledání souvislostí: Učební texty 2
Salvato in:
| Autore principale: | |
|---|---|
| Natura: | Libro |
| Lingua: | ceco |
| Pubblicazione: |
Brno :
VUTIUM,
2007
|
| Edizione: | 1. vyd. |
| Soggetti: | |
| Tags: |
Nessun Tag, puoi essere il primo ad aggiungerne!!
|
MARC
| LEADER | 00000nam a22000003a 4500 | ||
|---|---|---|---|
| 001 | stu165868 | ||
| 005 | 20150617230007.1 | ||
| 008 | 080625s2007----xr------------------cze-d | ||
| 020 | |a 978-80-214-3546-9 | ||
| 040 | |a STU |b slo | ||
| 041 | 0 | |a cze | |
| 044 | |a xr | ||
| 080 | |a 61 |7 stu_us_auth*stu6976 | ||
| 080 | |a 159.9 | ||
| 080 | |a 159.9.015.7 | ||
| 100 | 1 | |a Janíček, Přemysl |4 aut | |
| 245 | 1 | |a Systémové pojetí vybraných oborů pro techiky : |b Hledání souvislostí: Učební texty 2 | |
| 250 | |a 1. vyd. | ||
| 260 | |a Brno : |b VUTIUM, |c 2007 | ||
| 300 | |a [551 s |c vecný register: [67 s] | ||
| 650 | 7 | |a technika |2 stusub | |
| 650 | 7 | |a psychológia |2 stusub | |
| 650 | 7 | |a biologické teórie |2 stusub | |
| 996 | |b 284J034006 |c J*109806 |l JJST |s P |a 0 |w stu165868_0001 | ||